000 01303cab a22002175a 4500
001 a147525
008 090519e2009 xxk f 000 0 eng d
035 _a(Sirsi) u147525
041 0 _aeng
245 0 0 _aYet another fine mess
260 _c2009
490 _aEstates Gazette
_v(0918) 9 May 2009, 76-78(3)
520 _aDiscusses how local planning authorities (LPA)s should deal with potential for pollution when considering development proposals in circumstances where a pollution control permit will be required. Uses a hypothetical situation where a developer has applied to a LPA for planning permission to construct a new factory to view the guidance available contained in ?Planning Policy Statement 23 Planning and Pollution Control 23? (PPS23), ?Planning Policy Statement 10 Planning for Sustainable Waste? (PPS10) (L134011) and ?Planning Policy Guidance 24 Planning and Noise?(PPG24). Also refers to relevant case law. Concludes with a discussion on the pros and cons of the use of PPS 23.
590 _aKA
650 2 4 _aPLANNING POLICY STATEMENT 10
650 2 4 _aPLANNING POLICY STATEMENT 23
650 2 4 _aPLANNING POLICY GUIDANCE NOTE 24
651 4 _aEngland and Wales
690 _aENVIRONMENTAL AND LAND CONSULTANCY-PLANNING AND DEVELOPMENT-DEVELOPMENT CONTROL
942 _n0
999 _c81560
_d81560